Informe que el Concejal Delegado del Excelentísimo Ayuntamiento de Madrid en el Consejo de Administración del Canal de Isabel II D. Agustin Gonzalez de Amezua y Mayo eleva a la Excma. Alcaldía, Presidencia y Comisión Municipal Permanente sobre la consulta que a la misma ha dirigido el Exmo. Sr. Presidente de la Comisión Dictaminadora en el asunto Sociedad Hidráulica Santillana y Canal de Isabel II. (Record no. 74234)

MARC details
000 -LEADER
campo de control de longitud fija 00898nam a2200181 i 4500
001 - NÚMERO DE CONTROL
campo de control 74234
003 - IDENTIFICADOR DE NÚMERO DE CONTROL
campo de control ES-MaACL
005 - FECHA Y HORA DE LA ÚLTIMA TRANSACCIÓN
campo de control 20231207063016.0
007 - CAMPO FIJO DE DESCRIPCIÓN FÍSICA--INFORMACIÓN GENERAL
campo de control de longitud fija t|
008 - DATOS DE LONGITUD FIJA--INFORMACIÓN GENERAL
campo de control de longitud fija 040916s1924 sp ||||1| spa d
100 1# - ENTRADA PRINCIPAL--NOMBRE DE PERSONA
Nombre de persona Amezúa y Mayo, Agustín G. de,
Fechas asociadas al nombre 1881-1956
9 (RLIN) 21219
245 10 - MENCIÓN DEL TÍTULO
Título Informe que el Concejal Delegado del Excelentísimo Ayuntamiento de Madrid en el Consejo de Administración del Canal de Isabel II D. Agustin Gonzalez de Amezua y Mayo eleva a la Excma. Alcaldía, Presidencia y Comisión Municipal Permanente sobre la consulta que a la misma ha dirigido el Exmo. Sr. Presidente de la Comisión Dictaminadora en el asunto Sociedad Hidráulica Santillana y Canal de Isabel II.
260 ## - PUBLICACIÓN, DISTRIBUCIÓN, ETC.
Lugar de publicación, distribución, etc. Madrid :
Nombre del editor, distribuidor, etc. [s.n.],
Fecha de publicación, distribución, etc. 1924 (
Fabricante Imprenta Cervantes)
300 ## - DESCRIPCIÓN FÍSICA
Extensión 62 p. ;
Dimensiones 24 cm.
610 2# - PUNTO DE ACCESO ADICIONAL DE MATERIA--NOMBRE DE ENTIDAD CORPORATIVA
Nombre de entidad corporativa o nombre de jurisdicción como elemento de entrada Canal de Isabel II.
9 (RLIN) 2422
852 ## - LOCALIZACIÓN
Ubicación ES-MaACL
Número de control de estantería 1507-F-12
Holdings
Estatus retirado Estado de pérdida Estado de daño No para préstamo Colección Biblioteca de origen Biblioteca actual Ubicación en estantería Fecha de adquisición Fuente de adquisición Total de préstamos Signatura topográfica completa Código de barras Visto por última vez Precio de reemplazo Tipo de ítem Koha
        Colección de folletos Biblioteca del Ateneo de Madrid Biblioteca del Ateneo de Madrid Depósito folletos 17/01/2008     1507-F-12 1077707 23/02/2023 23/02/2023 Folleto